| 000 | 00990nam a22002655i 4500 | ||
|---|---|---|---|
| 001 | 160622 | ||
| 003 | ES-MaACL | ||
| 005 | 20230906212105.0 | ||
| 008 | 001110s1880 sp a |||| | spa d | ||
| 040 |
_aAN _bspa _cAN |
||
| 100 | 1 |
_aNeumann, Isodoro. _9130447 |
|
| 245 | 1 | 0 |
_aTratado de las enfermedades de la piel / _cpor I. Neumann ; traducido de la cuarta edicion y anotado por los Dres. G. y E. Darin ; version española de Cárlos María Cortezo. |
| 260 |
_aMadrid : _b[s.n.], _c1880 ( _fImprenta de Enrique Teodoro) |
||
| 300 |
_a2 v. : _bil. ; _c25 cm. |
||
| 490 | 1 | _aBiblioteca escogida de El Siglo Médico | |
| 597 | 1 | _aAntep. | |
| 700 | 1 | 1 |
_aDarin, G. _9126699 |
| 700 | 1 | 1 |
_aDarin, E. _9126698 |
| 700 | 1 | 1 |
_aCortezo, Carlos María. _940920 |
| 752 |
_aEspaña - _dMadrid |
||
| 830 | 0 |
_aBiblioteca escogida de El Siglo Médico _9182501 |
|
| 852 |
_aES-MaACL _zF-12700-12701 _z-- Enc. hol. _x-- Edic.: añadir T650 Dermatología |
||
| 999 |
_c160622 _d160622 |
||